书目信息 |
| 题名: |
土木工程专业主干课程精要及习题精解
|
|
| 作者: | 曾宪桃 , 任振华 主编 | |
| 分册: | ||
| 出版信息: | 武汉 武汉理工大学出版社 2020.07 |
|
| 页数: | 359页 | |
| 开本: | 26cm | |
| 丛书名: | 高等院校土建类专业新编教材 | |
| 单 册: | ||
| 中图分类: | TU-43 | |
| 科图分类: | ||
| 主题词: | 土木工程--tu mu gong cheng--高等学校--教材 | |
| 电子资源: | ||
| ISBN: | 978-7-5629-6118-5 | |
| 000 | 01206nam 2200277 450 | |
| 001 | 0100028403 | |
| 005 | 20211025120159.0 | |
| 010 | @a978-7-5629-6118-5@dCNY49.00 | |
| 100 | @a20201021d2020 em y0chiy50 ea | |
| 101 | 0 | @achi |
| 102 | @aCN@b420000 | |
| 105 | @aa a 000yy | |
| 106 | @ar | |
| 200 | 1 | @a土木工程专业主干课程精要及习题精解@Atu mu gong cheng zhuan ye zhu gan ke cheng jing yao ji xi ti jing jie@f主编曾宪桃, 任振华 |
| 210 | @a武汉@c武汉理工大学出版社@d2020.07 | |
| 215 | @a359页@c图@d26cm | |
| 225 | 2 | @a高等院校土建类专业新编教材@Agao deng yuan xiao tu jian lei zhuan ye xin bian jiao cai@v24 |
| 320 | @a有书目 (第358-359页) | |
| 330 | @a本书主要涵盖了房屋建筑学、混凝土结构原理、砌体结构、钢结构、土力学与地基基础五大块。全书共五篇, 每一篇先介绍基本概念、基本原理和公式, 然后给出典型例题及详细步骤, 最后是模拟试题。所选用的例题都是各门课程的经典题型, 例题所出之处均为本课程的重要知识点。 | |
| 410 | 0 | @12001 @a高等院校土建类专业新编教材@v24 |
| 606 | 0 | @a土木工程@Atu mu gong cheng@x高等学校@j教材 |
| 690 | @aTU-43@v5 | |
| 701 | 0 | @a曾宪桃@Azeng xian tao@4主编 |
| 701 | 0 | @a任振华@Aren zhen hua@4主编 |
| 801 | 0 | @aCN@c20210909 |
| 905 | @a河南城建学院图书馆@dTU-43@eZ031 | |
| 土木工程专业主干课程精要及习题精解/主编曾宪桃, 任振华.-武汉:武汉理工大学出版社,2020.07 |
| 359页:图;26cm.-(高等院校土建类专业新编教材;24) |
| ISBN 978-7-5629-6118-5:CNY49.00 |
| 本书主要涵盖了房屋建筑学、混凝土结构原理、砌体结构、钢结构、土力学与地基基础五大块。全书共五篇, 每一篇先介绍基本概念、基本原理和公式, 然后给出典型例题及详细步骤, 最后是模拟试题。所选用的例题都是各门课程的经典题型, 例题所出之处均为本课程的重要知识点。 |
| ● |
| 相关链接 |
|
|
|
正题名:土木工程专业主干课程精要及习题精解
索取号:TU-43/Z031
 
预约/预借
| 序号 | 登录号 | 条形码 | 馆藏地/架位号 | 状态 | 备注 |
| 1 | 1545296 | 215452962 | 建筑库101/101建筑库 11排3列3层/ [索取号:TU-43/Z031] | 在馆 | |
| 2 | 1545297 | 215452971 | 建筑库101/101建筑库 11排3列3层/ [索取号:TU-43/Z031] | 在馆 |